Arizona Cardinals Coaching Staff Since 2000 - Statistics

General Stats
  • This quiz has been taken 2 times
  • The average score is 25 of 108
Answer Stats
Hint Answer % Correct
2013 HC Bruce Arians
100%
2014 HC Bruce Arians
100%
2015 HC Bruce Arians
100%
2016 HC Bruce Arians
100%
2017 HC Bruce Arians
100%
2023 HC Jonathan Gannon
100%
2024 HC Jonathan Gannon
100%
2025 HC Jonathan Gannon
100%
2019 HC Kliff Kingsbury
100%
2019 OC Kliff Kingsbury
100%
2020 HC Kliff Kingsbury
100%
2020 OC Kliff Kingsbury
100%
2021 HC Kliff Kingsbury
100%
2021 OC Kliff Kingsbury
100%
2022 HC Kliff Kingsbury
100%
2022 OC Kliff Kingsbury
100%
2023 OC Drew Petzing
50%
2024 OC Drew Petzing
50%
2025 OC Drew Petzing
50%
2007 HC Ken Whisenhunt
50%
2008 HC Ken Whisenhunt
50%
2009 HC Ken Whisenhunt
50%
2009 OC Ken Whisenhunt
50%
2010 HC Ken Whisenhunt
50%
2010 OC Ken Whisenhunt
50%
2011 HC Ken Whisenhunt
50%
2012 HC Ken Whisenhunt
50%
2018 HC Steve Wilks
50%
2013 DC Todd Bowles
50%
2014 DC Todd Bowles
50%
2019 DC Vance Joseph
50%
2020 DC Vance Joseph
50%
2021 DC Vance Joseph
50%
2022 DC Vance Joseph
50%
2004 OC Alex Wood
0%
2018 DC Al Holcomb
0%
2013 STC Amos Jones
0%
2014 STC Amos Jones
0%
2015 STC Amos Jones
0%
2016 STC Amos Jones
0%
2017 STC Amos Jones
0%
2009 DC Bill Davis
0%
2010 DC Bill Davis
0%
2018 OC* Byron Leftwich
0%
2004 DC Clancy Pendergast
0%
2005 DC Clancy Pendergast
0%
2006 DC Clancy Pendergast
0%
2007 DC Clancy Pendergast
0%
2008 DC Clancy Pendergast
0%
2000 HC* Dave McGinnis
0%
2000 DC Dave McGinnis
0%
2001 HC Dave McGinnis
0%
2002 HC Dave McGinnis
0%
2003 HC Dave McGinnis
0%
2004 HC Dennis Green
0%
2005 HC Dennis Green
0%
2006 HC Dennis Green
0%
2006 STC Gary Zauner
0%
2000 STC Hank Kuhlmann
0%
2001 STC Hank Kuhlmann
0%
2002 STC Hank Kuhlmann
0%
2003 STC Hank Kuhlmann
0%
2013 OC Harold Goodwin
0%
2014 OC Harold Goodwin
0%
2015 OC Harold Goodwin
0%
2016 OC Harold Goodwin
0%
2017 OC Harold Goodwin
0%
2015 DC James Bettcher
0%
2016 DC James Bettcher
0%
2017 DC James Bettcher
0%
2018 STC Jeff Rodgers
0%
2019 STC Jeff Rodgers
0%
2020 STC Jeff Rodgers
0%
2021 STC Jeff Rodgers
0%
2022 STC Jeff Rodgers
0%
2023 STC Jeff Rodgers
0%
2024 STC Jeff Rodgers
0%
2025 STC Jeff Rodgers
0%
2003 OC Jerry Sullivan
0%
2005 OC Keith Rowen
0%
2006 OC Keith Rowen
0%
2004 STC Kevin O’Dea
0%
2005 STC Kevin O’Dea
0%
2007 STC Kevin Spencer
0%
2008 STC Kevin Spencer
0%
2009 STC Kevin Spencer
0%
2010 STC Kevin Spencer
0%
2011 STC Kevin Spencer
0%
2012 STC Kevin Spencer
0%
2000 DC* Larry Marmie
0%
2001 DC Larry Marmie
0%
2002 DC Larry Marmie
0%
2003 DC Larry Marmie
0%
2000 OC Marc Trestman
0%
2006 OC* Mike Kruczek
0%
2018 OC Mike McCoy
0%
2011 OC Mike Miller
0%
2012 OC Mike Miller
0%
2023 DC Nick Rallis
0%
2024 DC Nick Rallis
0%
2025 DC Nick Rallis
0%
2011 DC Ray Horton
0%
2012 DC Ray Horton
0%
2001 OC Rich Olson
0%
2002 OC Rich Olson
0%
2007 OC Todd Haley
0%
2008 OC Todd Haley
0%
2000 HC Vince Tobin
0%
No matching quizzes found
Score Distribution
Percent of People with Each Score
Percentile by Number Answered
Your Score History
You have not taken this quiz